Normal view
MARC view
- Singh J P
Entry Personal Name
001 - CONTROL NUMBER
- control field: 5490
003 - CONTROL NUMBER IDENTIFIER
- control field: OSt
005 - DATE AND TIME OF LATEST TRANSACTION
- control field: 20180124123339.0
008 - FIXED-LENGTH DATA ELEMENTS
- fixed length control field: 180124|| aca||aabn | a|a d
040 ## - CATALOGING SOURCE
- Original cataloging agency: OSt
- Transcribing agency: OSt
100 ## - HEADING--PERSONAL NAME
- Personal name: Singh J P
670 ## - SOURCE DATA FOUND
- Source citation: Work cat.: (OSt): Singh J P, Mathematics Lab Manual - IX, 2007